00355 a2200109 4500001001000000005001700010008004100027245005300068100002900121773007800150999001700228ART_4393820260410162026.0260409a 10aRecent biographies of Keynes. The great disorder1 aKindleberger, Charles P.0 tJournal of economic literatureg- Vol. XXXII, NÂș 3 (sep. 1994)wREV43676 c33582d33582